Statistics for Top 15 NBA Block Leaders (All Time)

Click here to take the quiz!

General Stats

  • This quiz has been taken 11 times
  • The average score is 9 of 15

Answer Stats

Rk Answer % Correct
1Hakeem Olajuwon
91%
3Kareem Abdul-Jabbar
91%
5Tim Duncan
91%
2Dikembe Mutombo
82%
6David Robinson
73%
8Shaquille O'Neal
73%
7Patrick Ewing
64%
4Mark Eaton
55%
10Robert Parish
55%
13Ben Wallace
55%
11Alonzo Mourning
45%
15Manute Bol
45%
12Marcus Camby
27%
14Shawn Bradley
27%
9Tree Rollins
18%

Score Distribution

Percentile by Number Answered

Percent of People with Each Score

Your Score History

You have not taken this quiz